Apprentissages numériques et résolution de problèmes. Cours moyen: première année
Պահպանված է:
| Հիմնական հեղինակներ: | , , , |
|---|---|
| Համատեղ հեղինակներ: | , |
| Ձևաչափ: | Գիրք |
| Լեզու: | ֆրանսերեն |
| Հրապարակվել է: |
París
Hatier
1997
|
| Շարք: | Hatier Pédagogie. Cycle des Approfondissements CM1
|
| Խորագրեր: | |
| Ցուցիչներ: |
Ավելացրեք ցուցիչ
Չկան պիտակներ, Եղեք առաջինը, ով նշում է այս գրառումը!
|
MARC
| LEADER | 00000nam a2200000 a 4500 | ||
|---|---|---|---|
| 001 | UCN7731 | ||
| 003 | CL-VaPUC | ||
| 008 | 011026e19970000FR |||||||||||||||||fre|d | ||
| 082 | 0 | 4 | |a 372.7 |b CHA |2 21 |
| 100 | 0 | |a Charnay, Roland |e author |9 463759 | |
| 700 | 0 | |a Guillaume, Jea-Claude |e author |9 463760 | |
| 700 | 0 | |a Douaire, Jacques |e author |9 463761 | |
| 700 | 0 | |a Valentin, Dominique |e author |9 463762 | |
| 110 | 2 | |a Institut National de Recherche Pédagogique |e author |9 463763 | |
| 710 | 2 | |a ERMEL |e author |9 463764 | |
| 245 | 1 | 0 | |a Apprentissages numériques et résolution de problèmes. Cours moyen: première année |
| 300 | |a 509 p | ||
| 942 | |c BK | ||
| 945 | |d 20011026 00:00:00 |a cmena | ||
| 260 | |a París |b Hatier |c 1997 | ||
| 650 | 0 | |a Matemáticas |x Enseñanza |9 875527 | |
| 650 | 0 | |a Métodos de enseñanza |9 270413 | |
| 650 | 7 | |a SOLUCION DE PROBLEMAS |2 CL-VaPUC |9 270958 | |
| 583 | |a last modification |c 20011026 00:00:00 |k Rodrigo Vera | ||
| 490 | 0 | |a Hatier Pédagogie. Cycle des Approfondissements CM1 | |
| 999 | |c 297941 |d 297939 | ||
| 952 | |0 0 |1 0 |4 0 |6 372_700000000000000_CHA_1997 |7 0 |8 A |9 352999 |a BIBMAT |b BIBMAT |c E_DIDACT |d 2019-11-21 |i 3587177 |o 372.7 CHA 1997 |p 3587177 |r 2025-01-07 |w 2019-11-21 |y BK |k MAT | ||